Fundamentos de la Gestalt

Сохранить в:
Библиографические подробности
Главный автор: Latner, Joel (Автор)
Формат:
Язык:испанский
Опубликовано: Santiago Cuatro Vientos 1996
Редактирование:2a. ed
Предметы:
Метки: Добавить метку
Нет меток, Требуется 1-ая метка записи!

MARC

LEADER 00000nam a2200000 a 4500
001 UCS9127
003 CL-VaPUC
008 971113e19960000CL |||||||||||||||||spa|d
082 0 4 |a 616.891  |b LAT  |2 21 
100 0 |a Latner, Joel  |e author  |9 394078 
245 1 0 |a Fundamentos de la Gestalt 
250 |a 2a. ed 
300 |a 271 p 
942 |c BK 
945 |d 19971113 00:00:00  |a rleighto 
260 |a Santiago  |b Cuatro Vientos  |c 1996 
650 0 |a Terapia gestáltica  |9 311001 
650 7 |a PSICOTERAPIA  |2 CL-VaPUC  |9 394079 
583 |a last modification  |c 19971113 00:00:00  |k Rodrigo Vera 
999 |c 263141  |d 263139 
952 |0 0  |1 0  |4 0  |6 616_891000000000000_LAT_1996  |7 0  |8 A  |9 292242  |a BIBEDU  |b BIBEDU  |c ES_NOD  |d 2019-11-19  |i 3362051  |o 616.891 LAT 1996  |p 3362051  |r 2023-08-09  |w 2019-11-19  |y BK  |k PSI